01790nam a2200277 a 4500008004100000020001800041050001500059100002100074245013500095250001600230260005400246300003300300650006200333650001700395995010100412995010100513995007300614995008000687995010100767999001700868952013100885952013101016952011701147952011701264952013101381190709s2000 ||||||||||||||||| || u a9788122412253 aTD 201 Pan aPanchdhari, A. C10aWater supply and sanitary installations (within building) design, construction and maintenance. (2nd edition)cBy A. C. Panchdhari a2nd edition aBangalorebNew Age International Publishersc2000 ax, 222 pages : illustrations aSANITARY INSTALLATIONS--DESIGN--CONSTRUCTION--MAINTENANCE 0aWATER SUPPLY D57.52FCBU-MAIN LIBRARY (Kitwe)M1UAVAILABLEWJul 11, 2019ZMain Library Open Access Collection D57.52FCBU-MAIN LIBRARY (Kitwe)M2UAVAILABLEWJul 11, 2019ZMain Library Open Access Collection FCBU-MPIKA LIBRARYM4UAVAILABLEWNov 22, 2019ZShort Loan Collection FCBU-MAIN LIBRARY (Kitwe)M5UAVAILABLEWNov 22, 2019ZShort Loan Collection D57.52FCBU-MAIN LIBRARY (Kitwe)M3UAVAILABLEWJul 11, 2019ZMain Library Open Access Collection c62493d62493 00102lcc4070a001b001cMain Library Open Access Collectiond2022-11-30l0oTD 201 Panp749371r2022-11-30w2022-11-30y002 00102lcc4070a001b001cMain Library Open Access Collectiond2022-11-30l0oTD 201 Panp749370r2022-11-30w2022-11-30y002 00102lcc4070a003b003cShort Loan Collectiond2022-11-30l0oTD 201 Panp750059r2022-11-30w2022-11-30y002 00102lcc4070a001b001cShort Loan Collectiond2022-11-30l0oTD 201 Panp750060r2022-11-30w2022-11-30y002 00102lcc4070a001b001cMain Library Open Access Collectiond2022-11-30l0oTD 201 Panp749369r2022-11-30w2022-11-30y002